00425nam a2200157 i 450000100060000000300090000600500170001500700030003200800410003524500280007626000530010430000210015750000240017871000310020285200340023382790ES-MaACL20230906174731.0t|041112s1960 sp ||||1| spa d00aIncremento del consumo. aBarcelona : bSociedad General de Aguas, c1960. a43 p. ; c27 cm. aEj. en "cyclostyle"2 aSociedad General de Aguas. aES-MaACLj2020-F-30 bR.47090